| 000 | 00526nam a2200157 i 4500 | ||
|---|---|---|---|
| 001 | 49028 | ||
| 003 | ES-MaACL | ||
| 005 | 20230906161852.0 | ||
| 007 | t| | ||
| 008 | 030704s1978 sp ||||1| spa d | ||
| 100 | 1 |
_aCoronel de Palma, Luis. _940689 |
|
| 245 | 1 | 4 |
_aLas Cajas de Ahorros y el crédito _b: Conferencia... el día 15 de marzo de 1977 / _cLuis Coronel de Palma. |
| 260 |
_aMadrid : _bDirección General de los Contencioso del Estado, _c1978. |
||
| 300 |
_a31 p. ; _c24 cm. |
||
| 852 |
_aES-MaACL _j2112-F-9 _bR.98983 |
||
| 999 |
_c49028 _d49028 |
||